El patrimonio cultural inmaterial y su didáctica
Guardat en:
| Autors principals: | , |
|---|---|
| Format: | Llibre |
| Idioma: | espanyol |
| Publicat: |
Gijón
Ediciones Trea S.L
2015
|
| Edició: | 1a. ed |
| Matèries: | |
| Etiquetes: |
Afegir etiqueta
Sense etiquetes, Sigues el primer a etiquetar aquest registre!
|
MARC
| LEADER | 00000cam a2200000 a 4500 | ||
|---|---|---|---|
| 001 | UCC9299 | ||
| 003 | CL-VaPUC | ||
| 005 | 20210626001452.0 | ||
| 008 | 190914e20150000sp |||||||||||||||||spa|d | ||
| 999 | |c 375485 |d 375483 | ||
| 020 | |a 9788497048996 | ||
| 040 | |c Pontificia Universidad Católica de Valparaíso | ||
| 082 | 0 | 4 | |a 306.09 |b SAN |2 21 |
| 100 | 0 | |a Santacana Mestre, Joan |e author |9 604282 | |
| 245 | 1 | 3 | |a El patrimonio cultural inmaterial y su didáctica |
| 250 | |a 1a. ed | ||
| 260 | |a Gijón |b Ediciones Trea S.L |c 2015 | ||
| 300 | |a 167 p | ||
| 500 | |a c.2 Donación VRA- N. Vásquez L. | ||
| 583 | |a last modification |c 20190914 23:07:00 |k Rodrigo Vera | ||
| 650 | 0 | |a Patrimonio cultural |9 309364 | |
| 650 | 0 | |a Tecnología educacional |9 307265 | |
| 700 | 0 | |a Llonch Molina, Nayra |e author |9 604283 | |
| 942 | |c BK |2 ddc | ||
| 945 | |d 20190914 23:07:00 |a dcastane | ||
| 952 | |0 0 |1 0 |3 erb |4 0 |6 306_090000000000000_SAN_2015 |7 0 |8 A |9 494473 |a BIBHIS |b BIBHIS |i 560141K |l 1 |o 306.09 SAN 2015 |p 560141K |r 2025-01-20 |s 2023-08-17 |w 2019-11-24 |y BK |z Catalogado en:20190914 |k HIS | ||
| 952 | |0 0 |1 0 |2 ddc |4 0 |6 306_090000000000000_SAN_2015 |7 0 |8 A |9 577816 |a BIBHIS |b BIBHIS |d 2021-05-20 |i 5621305 |l 1 |o 306.09 SAN 2015 |p 5621305 |r 2025-01-20 |s 2023-08-07 |t 2 |w 2021-05-20 |y BK |k HIS | ||